Apuntes de Alcalá (Record no. 18714)

MARC details
000 -LEADER
campo de control de longitud fija 01037nam a2200265 i 4500
001 - NÚMERO DE CONTROL
campo de control 18714
003 - IDENTIFICADOR DE NÚMERO DE CONTROL
campo de control ES-MaACL
005 - FECHA Y HORA DE LA ÚLTIMA TRANSACCIÓN
campo de control 20240515063025.0
007 - CAMPO FIJO DE DESCRIPCIÓN FÍSICA--INFORMACIÓN GENERAL
campo de control de longitud fija t|
008 - DATOS DE LONGITUD FIJA--INFORMACIÓN GENERAL
campo de control de longitud fija 020204s2001 sp a |||| | spa j
020 ## - NÚMERO INTERNACIONAL ESTÁNDAR DEL LIBRO
Número Internacional Estándar del Libro 84-451-1994-X Comunidad de Madrid
080 ## - NÚMERO DE LA CLASIFICACIÓN DECIMAL UNIVERSAL
Número de la Clasificación Decimal Universal 74 Pérez Villaamil, Genaro (064.3)
080 ## - NÚMERO DE LA CLASIFICACIÓN DECIMAL UNIVERSAL
Número de la Clasificación Decimal Universal 914.602.7 Alcalá (0:74)(064.3)
100 1# - ENTRADA PRINCIPAL--NOMBRE DE PERSONA
Nombre de persona Pérez Villaamil, Jenaro,
Fechas asociadas al nombre 1807-1854
9 (RLIN) 159080
245 10 - MENCIÓN DEL TÍTULO
Título Apuntes de Alcalá
Resto del título : dibujos de Jenaro Pérez Villaamil : Casa de la Entrevista, Alcalá de Henares, abril-mayo 2001.
260 ## - PUBLICACIÓN, DISTRIBUCIÓN, ETC.
Lugar de publicación, distribución, etc. [Madrid] :
Nombre del editor, distribuidor, etc. Comunidad de Madrid :
-- Fundación Colegio del Rey,
Fecha de publicación, distribución, etc. [2001]
300 ## - DESCRIPCIÓN FÍSICA
Extensión 97 p. :
Otras características físicas principalmente il. ;
Dimensiones 26 cm.
600 17 - PUNTO DE ACCESO ADICIONAL DE MATERIA--NOMBRE DE PERSONA
Nombre de persona Pérez Villaamil, Jenaro,
Fechas asociadas al nombre 1807-1854-
Subdivisión de forma Exposiciones
Fuente del encabezamiento o término
9 (RLIN) 149664
651 #4 - PUNTO DE ACCESO ADICIONAL DE MATERIA--NOMBRE GEOGRÁFICO
Nombre geográfico Alcalá de Henares-
Subdivisión general En el arte-
Subdivisión de forma Exposiciones.
9 (RLIN) 170067
655 #7 - TERMINO DE INDIZACIÓN--GENERO/FORMA
Fuente del término tgfbne
9 (RLIN) 193628
Datos o término principal de género/forma Catálogos de exposiciones
710 2# - ENTRADA AGREGADA--NOMBRE DE ENTIDAD CORPORATIVA
Nombre de entidad corporativa o nombre de jurisdicción como elemento de entrada Fundación Colegio del Rey.
9 (RLIN) 4254
852 ## - LOCALIZACIÓN
Ubicación ES-MaACL
Número de control de estantería L-25289
942 ## - ELEMENTOS DE ENTRADA SECUNDARIOS (KOHA)
Fuente del sistema de clasificación o colocación Clasificación decimal universal
Holdings
Estatus retirado Estado de pérdida Estado de daño No para préstamo Biblioteca de origen Biblioteca actual Ubicación en estantería Fecha de adquisición Fuente de adquisición Total de préstamos Signatura topográfica completa Código de barras Visto por última vez Precio de reemplazo Tipo de ítem Koha
        Biblioteca del Ateneo de Madrid Biblioteca del Ateneo de Madrid Depósito 2 17/01/2008     L-25289 1019151 23/02/2023 23/02/2023 Libro impreso